000 01099nam a22002177a 4500
999 _c15676
_d15676
003 AR-CdUCM
008 190429b ||||| |||| 00| 0 spa d
020 _a978-612-45209-0-7
040 _aMUNICIPALIDAD PROVINCIAL DEL CUSCO
_cBIBLIOTECA MUNICIPAL DEL CUSCO
082 _a633.368 /
_bM22
110 _aAsociación para la conservación de la cuenca amazónica, ACCA.
_934823
245 _aTécnicas para la recolección de castaña, Bertholletia excelsa, en el bosque amazónico /
260 _aCusco :
_bAsociación para la conservación de la cuenca amazónica, ACCA.,
_c2009.
300 _a26 páginas ;
_c21 cm.
440 _aManual castañero.
_n1
_934824
505 _aContenido :¿Como manejar tu castaña? -- Recomendaciones para aprovechar tu castaña -- Tratamiento silviculturales -- Recomendaciones para minimizar los impactos negativos de la actividad castañera -- Seguridad del castañero durante la zafra o cosecha de la castaña ...
650 _aProducción de castañas.
_934825
650 _aCiencias naturales.
_910176
942 _2ddc
_cLIBROS
945 _arum1
_d2019-04-29